| 000 | 01964cam a2200385 4500 | ||
|---|---|---|---|
| 001 | |||
| 008 | 030609n2002 000 0 eng u | ||
| 020 | _a1899769749 | ||
| 035 | _a(Sirsi) u122555 | ||
| 041 | _aeng | ||
| 050 |
_a347.4107 _c18 |
||
| 100 | _aWebber, Lesley | ||
| 245 | 4 |
_aThe impact of the Civil Procedure Rules on surveyors _ba CPD study pack |
|
| 250 | _a2nd ed. | ||
| 260 |
_aReading _bCollege of Estate Management _c2002 |
||
| 300 |
_a51p. _c30cm + 1 audio cassette (ca. 60 min.) |
||
| 350 | _a52 | ||
| 490 | _aCollege of Estate Management CPD Study Pack | ||
| 520 | _aThis CPD study pack considers the key concepts and features of the Civil Procedure Rules (CPR). Aspects of note to surveyors concern expert evidence, pre-action protocols, offers of settlement and costs. Discusses how CPR affects the lease renewal procedure, their impact on other forms of dispute resolution and how they interact with the Human Rights Act 1998. Includes the full text of the "Code of guidance on expert evidence : a guide for experts and those instructing them for the purpose of court proceedings". Case law. Accompanied by the Owlion audio tape "Woolf : surveyors and the Civil Procedure Rules (CPR)" which is available to borrow seperately (J105542) | ||
| 520 | _aSupersedes first edition "The impact of the Woolf reforms on surveyors : a CPD study pack" (ISBN 1899769439). | ||
| 520 | _aSuperseded by third edition (ISBN 1904388272). | ||
| 650 | _aCIVIL PROCEDURE RULES 1998 | ||
| 650 | _aCODE OF GUIDANCE ON EXPERT EVIDENCE | ||
| 650 | _aCOURT PROCEDURES | ||
| 650 | _aCIVIL PROCEDURE RULES PART 24 | ||
| 650 | _aCIVIL PROCEDURE RULES PART 35 | ||
| 650 | _aEXPERT WITNESSES | ||
| 650 | _aLEASE RENEWALS | ||
| 650 | _aPRE-ACTION PROTOCOLS | ||
| 650 | _aPROFESSIONAL ARBITRATION ON COURT TERMS | ||
| 650 | _aWOOLF REFORMS | ||
| 690 |
_aDispute resolution _96236 |
||
| 710 |
_aCollege of Estate Management _9400 |
||
| 942 | _n0 | ||
| 999 |
_c85424 _d85424 |
||